Catálogo

TEORIA GENERAL DEL ESTADO : (Registro nro. 56039)

Detalles MARC
000 -LEADER
fixed length control field 01052nam a2200217 a 4500
001 - CONTROL NUMBER
control field 56039
005 - DATE AND TIME OF LATEST TRANSACTION
control field 20180714051617.0
008 - FIXED-LENGTH DATA ELEMENTS--GENERAL INFORMATION
fixed length control field 140415s2009 mx 000 0 spa d
020 ## - INTERNATIONAL STANDARD BOOK NUMBER
International Standard Book Number 9700735117
041 ## - LANGUAGE CODE
Language code of text/sound track or separate title spa
082 ## - DEWEY DECIMAL CLASSIFICATION NUMBER
Classification number 320.1
Item number ZIP
100 1# - MAIN ENTRY--PERSONAL NAME
Personal name ZIPPELIUS, REINHOLD
245 10 - TITLE STATEMENT
Title TEORIA GENERAL DEL ESTADO :
Remainder of title CIENCIA DE LA POLITICA
250 ## - EDITION STATEMENT
Edition statement 2a ed.
260 ## - PUBLICATION, DISTRIBUTION, ETC.
Place of publication, distribution, etc. MEXICO :
Name of publisher, distributor, etc. PORRUA, S.A. DE C.V.,
Date of publication, distribution, etc. 2009
300 ## - PHYSICAL DESCRIPTION
Extent 429
Dimensions 15.7 x 2.2 x 23
520 ## - SUMMARY, ETC.
Summary, etc. EL ANHELO DE LOGRAR UNA ORIENTACION TANGIBLE HACIA EL MUNDO INDUCE, UNA Y OTRA VEZ, A SIMPLIFICAR EN DEMASIA LAS COSAS. ESTAMOS PREDISPUESTOS A ACEPTAR AQUELLAS CONCEPCIONES QUE REDUCEN AL ESTADO Y SUS PROBLEMAS A UNO O A UNOS CUANTOS CONCEPTOS. PRECISAMENTE LOS PENSADORES MAS INFLUYENTES, COMO ROUSSEAU Y MARX, INTENTARON HACER ESTO. Y, SIN EMBARGO, EL PENSAMIENTO QUE SE BASA EN IDEAS SIMPLIFICADORAS HA FRACASADO SIEMPRE
650 14 - SUBJECT ADDED ENTRY--TOPICAL TERM
Topical term or geographic name entry element CIENCIAS POLITICAS
General subdivision ESTADO
700 1# - ADDED ENTRY--PERSONAL NAME
Personal name FIX-FIERRO, HETOR
Relator term tr.
740 ## - ADDED ENTRY--UNCONTROLLED RELATED/ANALYTICAL TITLE
Uncontrolled related/analytical title ALLGEMEINE STAATSLEHRE (POLITIKWISSENSCHAFT)
Existencias
Withdrawn status Lost status Source of classification or shelving scheme Damaged status Not for loan Collection code Home library Current library Shelving location Date acquired Source of acquisition Inventory number Total Checkouts Total Renewals Full call number Barcode Date last seen Date last checked out Price effective from Koha item type
    Dewey Decimal Classification     General Biblioteca Karol Wojtyla Biblioteca Karol Wojtyla Sala general 03/12/2013 Compra 151000000000000000056223 1 1 320.1 ZIP 84282 05/01/2026 23/03/2019 03/12/2013 Libro
    Dewey Decimal Classification     General Biblioteca Karol Wojtyla Biblioteca Karol Wojtyla Sala general 03/12/2013 Compra 151000000000000000056226 2 1 320.1 ZIP 84281 05/01/2026 11/03/2022 03/12/2013 Libro
    Dewey Decimal Classification     General Biblioteca Karol Wojtyla Biblioteca Karol Wojtyla Sala general 03/12/2013 Compra 151000000000000000056224 3 1 320.1 ZIP 84283 05/01/2026 20/01/2022 03/12/2013 Libro